| 000 | 01062cam a2200301 i 4500 | ||
|---|---|---|---|
| 001 | 8578 | ||
| 003 | Mx-PuUPA | ||
| 005 | 20250618122435.0 | ||
| 008 | 140415s1966 mx gr 000 0 spa d | ||
| 020 | _a9789682300684 | ||
| 040 |
_aMx-PuUPA _bspa _cMx-PuUPA _dMx-PuUPA _erda |
||
| 041 | _aspa | ||
| 100 | 1 |
_aFoucault, Michel _eautor |
|
| 240 | 1 | 0 |
_aNaissance de la clinique _lEspañol |
| 245 | 1 | 3 |
_aEl nacimiento de la clínica : _buna arqueología de la mirada médica / _cMichel Foucault |
| 250 | _aPrimera edición | ||
| 264 | 1 |
_aMéxico, D.F. : _bSiglo xxi editores, _c1966 |
|
| 300 |
_a293 páginas ; _c18 cm |
||
| 336 |
_2rdacontent _atexto _btxt |
||
| 337 |
_2rdamedia _asin medio _bn |
||
| 338 |
_2rdacarrier _avolumen _bnc |
||
| 650 | 7 |
_2armarc _913986 |
|
| 700 | 1 |
_aPerujo, Francisca, _etraductor |
|
| 765 | 0 |
_bPrimera edición _dParís : Presses universitaries de france, 1953 _tNaissance de la clinique |
|
| 942 |
_2ddc _cLI _hxx _ixx |
||
| 999 |
_c8578 _d8578 |
||